| 000 | 00640nam a22001697a 4500 | ||
|---|---|---|---|
| 003 | NUST | ||
| 038 | _aZafar Iqbal Malik | ||
| 082 | _a200 | ||
| 100 |
_aKhan, Muhammad Azhar _9127722 |
||
| 245 |
_aImpact of Financial Reporting Quality on Investment Efficiency around the Globe: The Role of Investor Protection, Financial Constraints and Risk-Taking/ _cMuhammad Azhar Khan, |
||
| 264 |
_aIslamabad _bNBS NUST _c2024 |
||
| 300 |
_a187, p. _c35 cm. |
||
| 650 |
_aPhD- Business Administration _9123754 |
||
| 700 |
_aSupervisor: Dr. Nabeel Safdar _9119913 |
||
| 856 | _uhttp://10.250.8.41:8080/xmlui/handle/123456789/49132 | ||
| 942 |
_2ddc _cSC |
||
| 999 |
_c612733 _d612733 |
||